| LEADER |
01079nam0a2200217 450 |
| 001 |
16833215 |
| 010 |
|
|
|a 978-2-413-01309-9
|b br.
|d 10,95
|
| 100 |
|
|
|a 20191024d2019 u u0frey01 ba
|
| 101 |
0 |
|
|a fre
|
| 102 |
|
|
|a FR
|
| 200 |
0 |
|
|a éveillés (Les)
|e World without
|
| 207 |
|
1 |
|a
|
| 210 |
|
|
|a Lausanne
|b 27, rue de la Borde
|c Delcourt
|d 2019
|
| 215 |
|
|
|a 1 vol. (48 p.)
|
| 225 |
1 |
|
|v 22
|
| 330 |
|
|
|a Artémus et ses compagnons sont conduits dans une cité secrète dirigée par Kalandre et le mage écarlate, Elysio. Cette cité est constituée de personnes venant de tout Alysia qui se font appeler « les Eveillés ». Ceux-ci sont persuadés d'être les victimes d'un sortilège et qu'une autre vie existe. Elysio propose à nos amis d'en faire la preuve en les soumettant à l'épreuve du miroir de la vérité !
|
| 461 |
|
0 |
|t Légendaires
|v 22
|
| 700 |
|
0 |
|a Sobral
|b Patrick
|c Auteur du texte
|f 1972-....
|4 70
|
| 900 |
|
|
|a Bande Dessinée enfant ado
|
| 901 |
|
|
|a Accessible au prêt
|
| 995 |
|
|
|a Bibliothèque
|c Bibliothèque
|f 024020262
|h 024020262
|k BD SOB
|o p
|q j
|r az
|e Bibliothèque
|